[Event "It (open) \"]
[Site "masterchessopen.com – Bratislava (Slovakia)"]
[Date "2004.05.07"]
[Round "8"]
[White "Halasz Michal (SVK)"]
[Black "Lajciak Stefan"]
[Result "1-0"]
[WhiteElo "1883"]
[BlackElo "1646"]

1.d4 d5 2.c4 Nf6 3.Nf3 g6 4.Nc3 Bg7 5.cxd5 Nxd5 6.e4 Nb6 7.Be3 Bg4 8.Be2 Bxf3
9.Bxf3 c6 10.Be2 O-O 11.O-O e6 12.Qd2 Re8 13.Rfd1 a6 14.Qc2 Qc7 15.Qb3 N8d7
16.Rac1 Kh8 17.d5 Bxc3 18.d6 Qd8 19.Rxc3 Nc8 20.e5 Ncb6 21.Bd4 Nd5 22.Rf3 c5
23.Bc3 b5 24.Rxf7 b4 25.Bd2 Nxe5 26.Rf4 Nxf4 27.Bxf4 Qf6 28.Qg3 Nf7 {#r} 1-0

[Event "Ch Europe"]
[Site "masterchessopen.com – Antalya (Turkey)"]
[Date "2004.05.17"]
[Round "3"]
[White "Anastasian Ashot (ARM)"]
[Black "Kristjansson Stefan (ISL)"]
[Result "1-0"]
[WhiteElo "2579"]
[BlackElo "2444"]

{ } 1.Nf3 { 1 } 1...Nf6 2.c4 g6 3.d4 Bg7 4.Nc3 d5 5.cxd5 Nxd5 { ?/= } 6.Na4 (
6.e4 Nxc3 7.bxc3 c5 8.Be3 Qa5 9.Qd2 Nc6 10.Rc1 cxd4 11.cxd4 Qxd2+ 12.Kxd2 O-O
13.d5 Rd8 14.Ke1 Ne5 15.Nxe5 Bxe5 16.f4 Bd6 17.Kf2 e5 18.Bc5 Bxc5+ 19.Rxc5
exf4 20.Kf3 Bd7 21.Bd3 Rac8 22.Rhc1 g5 23.Rc7 Rxc7 24.Rxc7 Ba4 25.Kg4 h6 {
...1-0, Kramnik Vladimir 2809 - Leko Peter 2739 , Budapest 2001 Match (active)
} ) ( 6.g3 c5 7.Bg2 Nc6 8.O-O cxd4 9.Nxd4 Nxc3 10.bxc3 Nxd4 11.cxd4 Qxd4
12.Rb1 O-O 13.Qxd4 Bxd4 14.Bh6 Rd8 15.Bxb7 Rb8 16.Bxc8 Rbxc8 17.Rfc1 Bb6
18.Kg2 f6 { 1/2-1/2, Ftacnik Lubomir 2585 - Lalic Bogdan 2600 , Pula 1997 Ch
Europe (team) } ) 6...Bf5 { } ( 6...O-O 7.e4 Nb6 8.Be3 Bg4 9.Be2 Nc6 10.d5 Ne5
11.Nxb6 axb6 12.Nxe5 Bxe2 13.Qxe2 Bxe5 14.O-O Qd7 15.a3 e6 16.Rad1 Rfe8 17.Rd2
exd5 18.Rxd5 Qe6 19.Rfd1 Bg7 20.Rd7 Rac8 21.f3 f5 22.Bf4 fxe4 23.fxe4 Qxe4
24.Qd2 c5 25.b3 Bd4+ 26.Kh1 { ...0-1, Legky Nikolay A 2460 - Mikhalevski
Victor 2568 , Montreal 2003 It (open) } ) ( 6...Nb6 7.Bf4 O-O 8.Rc1 Nc6 9.e3
e5 10.Bg5 Qd6 11.Nxb6 axb6 12.d5 Nb4 13.a3 e4 14.Nd4 Nxd5 15.Bc4 Bd7 16.Bh4
Be5 17.Bg3 Bxg3 18.hxg3 Nxe3 19.fxe3 Qxg3+ 20.Kd2 Rad8 21.Qe1 Qxg2+ 22.Kc3 Qg5
23.Qg1 Qxg1 24.Rcxg1 c5 25.Nb5 Bc6 26.Rh2 { ...0-1, Topakian Raffi 2424 -
Horvath Jozsef 2511 , Austria 2002 Staatsliga B Mitte 2002/03 } ) 7.Nh4 { N }
( 7.Nc5 b6 8.e4 bxc5 9.exf5 cxd4 10.Nxd4 ( 10.fxg6 hxg6 11.Nxd4 Qd6 12.Nc2 Nd7
13.Be2 Rb8 14.Bf3 e6 15.g3 Bxb2 16.Bxb2 Rxb2 17.O-O O-O 18.Qc1 Rfb8 19.Nd4 Ne5
20.Bg2 c5 21.Nb3 Nd3 22.Qc4 Nb6 23.Qc3 c4 24.Nc1 Qb4 25.Qf6 Rc2 26.Nxd3 cxd3 {
...0-1, Hammes Michael 2351 - Gerard Nicolas 2249 , Budapest 2002 It (a)
(cat.3) } ) 10...O-O 11.fxg6 hxg6 12.Nc2 Nc6 13.Bc4 Ndb4 14.Qe2 Qd6 15.O-O
Nxc2 16.Qxc2 Nd4 17.Qe4 Rab8 18.Rb1 Rfd8 19.b3 Nb5 20.Bxb5 Rxb5 21.Be3 Rd5
22.Bf4 Be5 23.Bxe5 Rxe5 24.Qf3 Rd5 25.g3 Rd2 26.Rfe1 e6 { ...1/2-1/2, Hammes
Michael 2374 - Dunsbach Ralf Dr 2312 , Altenkirchen 2001 Ch Germany } ) ( 7.a3
O-O 8.b4 ( 8.e3 Nc6 9.Bb5 Qd6 10.Nc5 b6 11.Nd3 a6 12.Ba4 Na5 13.Qe2 Be4 14.O-O
c5 15.Nde5 b5 16.Bd1 Rac8 17.Ng5 Bf5 18.e4 cxd4 19.Ngxf7 Rxf7 20.Nxf7 Kxf7
21.exf5 gxf5 22.Qh5+ Qg6 23.Qh4 Bf6 24.Qh3 Kg8 25.Bh5 Qg7 26.Qxf5 Rd8 {
...1-0, Yanin Pavel 2415 - Vinokurov Andrei, Nizhnij Novgorod 1998 Cup Russia
} ) 8...c6 9.e3 Bg4 10.Bb2 Nd7 11.Be2 Qc7 12.Rc1 Rad8 13.Qb3 Qb8 14.Nc5 Nxc5
15.Rxc5 Nb6 16.O-O Nd7 17.Rc2 e5 18.dxe5 Bxf3 19.Bxf3 Bxe5 20.Bxe5 { 1/2-1/2,
Nickoloff Bryon 2421 - Zugic Igor 2406 , Brantford 1999 Ch Canada } ) ( 7.Ng5
Nf6 8.Nc3 h6 9.Nf3 O-O 10.Bf4 c5 11.e3 Nc6 12.Bc4 Qb6 13.b3 Rad8 14.d5 Ne4
15.Nxe4 Bxe4 16.Rc1 Nb4 17.Qe2 Nxd5 18.Bxd5 Rxd5 19.O-O Bd3 20.Qd2 Rfd8
21.Rfd1 g5 22.Bg3 Qg6 23.h3 b5 24.Qa5 c4 25.Ne5 Qe6 26.Nxd3 cxd3 { ...0-1,
Creteanu B - Tanase A, Calimanesti 2000 Ch Romania (juniors) (under 14) (1/2
final) } ) 7...Nc6 8.Nxf5 gxf5 9.e3 e5 10.dxe5 Nxe5 11.Be2 Qd6 12.O-O O-O-O
13.Qc2 f4 14.exf4 Nc6 15.Bg4+ Kb8 16.Qc5 Nd4 17.Qxd6 Rxd6 18.Rb1 Bh6 19.Bh5
Bxf4 20.Rd1 Bxc1 { ?! } ( 20...Be5 { !? } 21.Bxf7 Nb6 22.Re1 Nc2 { } ) 21.Rxd4
Nf4 22.Rxd6 cxd6 23.Bxf7 Rc8 24.g3 Nd3 25.Be6 Rc7 26.Bf5 Ne5 27.Kg2 d5 28.Nc3
Bxb2 29.Nxd5 { } {#r} 1-0

[Event "It (open)"]
[Site "masterchessopen.com – Herne (Germany)"]
[Date "2004.06.09"]
[Round "1"]
[White "Jungbluth Michael (GER)"]
[Black "Zagrabski Marc (GER)"]
[Result "1-0"]
[WhiteElo "2025"]
[BlackElo "1850"]

1.d4 Nf6 2.Nf3 g6 3.c4 Bg7 4.Nc3 d5 5.cxd5 Nxd5 6.e4 Nb6 7.Be3 c6 8.a4 Bg4
9.Be2 O-O 10.O-O f5 11.Ng5 Bxe2 12.Nxe2 Qd6 13.Qb3+ Kh8 14.Nf7+ Rxf7 15.Qxf7
fxe4 16.Qe8+ {#r} 1-0

[Event "Ch SCG (team)"]
[Site "masterchessopen.com – Budva (Yugoslavia)"]
[Date "2004.09.08"]
[Round "1"]
[White "Lajthajm Borko (SRB)"]
[Black "Boskovic Drasko (SRB)"]
[Result "0-1"]
[WhiteElo "2466"]
[BlackElo "2408"]

1.d4 Nf6 2.c4 g6 3.Nc3 d5 4.Nf3 Bg7 5.cxd5 Nxd5 6.Qb3 Nxc3 7.bxc3 c5 8.e3 O-O
9.Ba3 cxd4 10.exd4 Nc6 11.Bb5 Be6 12.Qb2 Bd5 13.O-O Bxf3 14.gxf3 Re8 15.Rad1
e6 16.Rfe1 Rc8 17.Bc5 b6 18.Ba3 Qg5+ 19.Kh1 Red8 20.Qe2 Ne7 21.Rg1 Qf6 22.Bc1
Nd5 23.Bg5 Nxc3 24.Bxf6 Nxe2 25.Rxg6 hxg6 26.Bxd8 Nxd4 {#R} 0-1

[Event "Ch PriFO"]
[Site "masterchessopen.com – Izhevsk (Russia)"]
[Date "2005.03.16"]
[Round "1"]
[White "Pushin Vladimir (RUS)"]
[Black "Yandemirov Valeri (RUS)"]
[Result "0-1"]
[WhiteElo "2295"]
[BlackElo "2518"]

1.d4 Nf6 2.c4 g6 3.Nc3 d5 4.Nf3 Bg7 5.cxd5 Nxd5 6.Bd2 c5 7.e4 Nxc3 8.Bxc3 cxd4
9.Bxd4 O-O 10.Bxg7 Kxg7 11.Qxd8 Rxd8 12.Bc4 Nc6 13.Ke2 Bg4 14.Ke3 Bxf3 15.gxf3
f5 16.Rac1 e5 17.exf5 gxf5 18.Bb5 f4+ 19.Ke4 Kf6 20.Rhd1 Nd4 21.Ba4 Ne6 22.h4
Rxd1 {#R} 0-1

[Event "It (open)"]
[Site "masterchessopen.com – Kowalewo Pomorskie (Poland)"]
[Round "8"]
[White "Szymczak Zbigniew (POL)"]
[Black "Shishkin Vadim (UKR)"]
[Result "0-1"]
[WhiteElo "2292"]
[BlackElo "2532"]

1.d4 Nf6 2.c4 g6 3.Nc3 d5 4.Nf3 Bg7 5.cxd5 Nxd5 6.Bd2 c5 7.Rc1 Nxc3 8.Bxc3
cxd4 9.Nxd4 O-O 10.e3 Bd7 11.Be2 Nc6 12.O-O Qb6 13.Nxc6 Bxc6 14.Bxg7 Kxg7
15.Qd2 f6 16.Rfd1 Rac8 17.b3 Rfd8 18.Qb2 Qa5 19.Bf1 a6 20.f3 Kf8 21.Bc4 Be8
22.a3 Qb6 23.Qe2 Qc5 24.Rxd8 Rxd8 25.b4 Qc7 26.Re1 b5 27.Bb3 {#R} 0-1

[Event "Cup North Sea (open)"]
[Site "masterchessopen.com – Esbjerg (Denmark)"]
[Date "2005.07.03"]
[Round "2"]
[White "Colin Vincent (FRA)"]
[Black "Andersen Daniel (DEN)"]
[Result "1-0"]
[WhiteElo "2375"]
[BlackElo "2026"]

1.d4 Nf6 2.c4 g6 3.Nc3 d5 4.Nf3 Bg7 5.cxd5 Nxd5 6.Bg5 Nxc3 7.bxc3 O-O 8.Qd2 c5
9.Rc1 Re8 10.e4 Bg4 11.d5 Bxf3 12.gxf3 Qa5 13.h4 e6 14.Bc4 f6 15.Be3 Nd7
16.dxe6 Ne5 17.Qe2 Nxc4 18.Qxc4 Rac8 19.e7+ Kh8 20.h5 {#r} 1-0

[Event "Ch Paris (open)"]
[Site "masterchessopen.com – Paris (France)"]
[Date "2005.07.16"]
[Round "8"]
[White "Nguyen Chi-Minh (FRA)"]
[Black "Spiridonov Nikola (BUL)"]
[Result "0-1"]
[WhiteElo "2371"]
[BlackElo "2386"]

1.d4 Nf6 2.c4 g6 3.Nc3 d5 4.Nf3 Bg7 5.cxd5 Nxd5 6.Bg5 c5 7.Rc1 Nxc3 8.bxc3 Qa5
9.Qd2 e6 10.e3 Nc6 11.Be2 O-O 12.O-O b6 13.Rfd1 Ba6 14.c4 cxd4 15.exd4 Rac8
16.Qb2 h6 17.Bd2 Qf5 18.Bc3 Rfd8 19.Qa3 Bb7 20.c5 bxc5 21.dxc5 Rxd1+ 22.Rxd1
Ne5 23.Bxe5 Bxe5 24.Qxa7 Bxf3 25.Bxf3 Rxc5 26.Qa8+ Kg7 27.g3 Rc3 28.Kg2 Bf6
29.Rd7 Rc2 30.Qa4 Qc5 {#R} 0-1

[Event "It \"]
[Site "masterchessopen.com – Copenhagen (Denmark)"]
[Date "2005.07.21"]
[Round "7"]
[White "Marzano Carlo (ITA)"]
[Black "Andersen Daniel (DEN)"]
[Result "1-0"]
[WhiteElo "2239"]
[BlackElo "2026"]

1.d4 Nf6 2.Nf3 g6 3.c4 Bg7 4.Nc3 d5 5.cxd5 Nxd5 6.Bd2 Nb6 7.e4 Bg4 8.Be3 O-O
9.Be2 Nc6 10.d5 Na5 11.Bd4 Bxf3 12.gxf3 c5 13.Bxg7 Kxg7 14.Qd2 Nac4 15.Bxc4
Nxc4 16.Qe2 Nd6 17.h4 h5 18.f4 a6 19.f5 Kh7 20.O-O-O b5 21.Rdg1 b4 22.fxg6+
fxg6 23.Rxg6 Kxg6 24.Rg1+ Kf6 25.e5+ {#r} 1-0

[Event "It (open)"]
[Site "masterchessopen.com – Latschach (Austria)"]
[Date "2005.08.13"]
[Round "1"]
[White "Kindl Christian (AUT)"]
[Black "Keller Manfred (GER)"]
[Result "0-1"]
[WhiteElo "1892"]
[BlackElo "2183"]

1.d4 Nf6 2.c4 g6 3.Nc3 d5 4.Nf3 Bg7 5.cxd5 Nxd5 6.h3 O-O 7.e4 Nxc3 8.bxc3 c5
9.Bb2 cxd4 10.cxd4 Nc6 11.Qd2 Qb6 12.Rb1 Rd8 13.Bd3 Nb4 14.Bc3 Nxd3+ 15.Qxd3
Qe6 16.Rb3 b6 17.O-O Bb7 18.d5 Bxc3 19.dxe6 Rxd3 20.exf7+ Kg7 21.Ne5 Bxe5
22.Rxd3 Ba6 {#R} 0-1

[Event "It (open)"]
[Site "masterchessopen.com – Moscow (Russia)"]
[Date "2006.02.05"]
[Round "8"]
[White "Rychagov Andrey (RUS)"]
[Black "Smikovski Ivan (RUS)"]
[Result "1-0"]
[WhiteElo "2572"]
[BlackElo "2552"]

1.d4 Nf6 2.c4 g6 3.Nc3 d5 4.Nf3 Bg7 5.cxd5 Nxd5 6.Bg5 c5 7.Rc1 Nxc3 8.bxc3 O-O
9.Qd2 cxd4 10.cxd4 Bf5 11.e3 h6 12.Bh4 Nc6 13.Be2 Qd7 14.O-O Be4 15.Qb2 Rfc8
16.Rfd1 Bd5 17.Rc5 Qe6 18.Qxb7 g5 19.Bg3 g4 20.Rxd5 Qxd5 21.Ne1 h5 22.Rc1 Qa5
23.Kf1 h4 24.Rxc6 {#r} 1-0

[Event "It (open)"]
[Site "masterchessopen.com – Salon de Provence (France)"]
[Date "2006.04.25"]
[Round "3"]
[White "Wolfangel Jocelyne (FRA)"]
[Black "Barabe Etienne"]
[Result "1-0"]
[WhiteElo "1445"]
[BlackElo "1270"]

1.d4 g6 2.c4 Nf6 3.Nc3 Bg7 4.Nf3 d5 5.cxd5 Nxd5 6.e4 Nb6 7.Be2 O-O 8.O-O Bg4
9.Be3 Nc6 10.d5 Ne5 11.Nxe5 Bxe5 12.Bxg4 f5 13.exf5 gxf5 14.Bxf5 e6 15.Bxe6+
Kh8 16.f4 Nc4 17.Bd4 c5 18.Bxe5+ Nxe5 19.fxe5 Qg5 {#r} 1-0

[Event "It (open) \"]
[Site "masterchessopen.com – Berlin (Germany)"]
[Date "2006.05.25"]
[Round "3"]
[White "Figura Atila Gajo (GER)"]
[Black "Peschke Uwe (GER)"]
[Result "1-0"]
[WhiteElo "2400"]
[BlackElo "2173"]

1.d4 Nf6 2.c4 g6 3.Nc3 d5 4.Nf3 Bg7 5.cxd5 Nxd5 6.Bg5 c5 7.Rc1 Nxc3 8.bxc3 Qa5
9.Qd2 cxd4 10.cxd4 Qxd2+ 11.Kxd2 Nc6 12.e3 Bf5 13.Bb5 Be4 14.Ke2 a6 15.Ba4 Rc8
16.Rhg1 Bd5 17.Bb3 Bxb3 18.axb3 Kd7 19.Nd2 b5 20.Ne4 Nb4 21.Nc5+ Kd6 22.Bf4+
e5 23.dxe5+ Bxe5 24.Rgd1+ Nd5 25.Ne4+ Ke6 26.Ng5+ Kf5 27.Rxd5 Rxc1 28.Bxe5
{#r} 1-0

[Event "It (open) \"]
[Site "masterchessopen.com – Tromsoe (Norway)"]
[Date "2006.06.26"]
[Round "3"]
[White "Barr Steven (ENG)"]
[Black "Andreassen Leif"]
[Result "0-1"]
[WhiteElo "1919"]
[BlackElo "2141"]

1.d4 Nf6 2.c4 g6 3.Nc3 d5 4.Nf3 Bg7 5.cxd5 Nxd5 6.Bg5 O-O 7.e3 Nxc3 8.bxc3 c5
9.Bc4 Bg4 10.O-O Nc6 11.Rc1 Qa5 12.h3 Bxf3 13.Qxf3 cxd4 14.Bd5 dxc3 15.Bh4
Rac8 16.Bxc6 Rxc6 17.Bxe7 Re8 18.Bh4 Qxa2 19.Ra1 Qc4 {#R} 0-1

[Event "It (open)"]
[Site "masterchessopen.com – Amsterdam (Netherlands)"]
[Date "2006.07.22"]
[Round "8"]
[White "Szymczak Zbigniew (POL)"]
[Black "Siebrecht Sebastian (GER)"]
[Result "0-1"]
[WhiteElo "2309"]
[BlackElo "2463"]

1.d4 g6 2.c4 Bg7 3.Nf3 Nf6 4.Nc3 d5 5.cxd5 Nxd5 6.Bd2 Nc6 7.e4 Nb6 8.d5 Ne5
9.Nxe5 Bxe5 10.a4 a5 11.Bh6 Qd6 12.Qd2 Qb4 13.Bb5+ Bd7 14.O-O c6 15.dxc6 bxc6
16.Bd3 Rd8 17.Qe2 Be6 18.Rfd1 f6 19.Be3 O-O 20.Bxb6 Qxb6 21.Bc4 Bxc4 22.Qxc4+
Kg7 23.Qe2 Qb4 24.Qc2 Rxd1+ 25.Rxd1 Rb8 26.Ne2 Qxb2 27.Qd3 Rb3 28.Qa6 Qc2
29.Rf1 Rb1 30.f4 Qc5+ {#R} 0-1

[Event "Ch Region"]
[Site "masterchessopen.com – Tula (Russia)"]
[Date "2006.08.13"]
[Round "10"]
[White "Selin Oleg (RUS)"]
[Black "Zaitsev Alexander (RUS)"]
[Result "1-0"]
[WhiteElo "2391"]
[BlackElo "2416"]

1.d4 Nf6 2.Nf3 g6 3.c4 Bg7 4.Nc3 d5 5.cxd5 Nxd5 6.Bd2 O-O 7.e4 Nxc3 8.Bxc3 Bg4
9.Be2 c5 10.d5 Bxc3+ 11.bxc3 Qa5 12.Qd2 e6 13.dxe6 Bxe6 14.Ng5 Rd8 15.Qe3 Re8
16.O-O Nd7 17.f4 Nf6 18.Qg3 Qb6 19.f5 Bxf5 20.Bc4 Nxe4 21.Bxf7+ Kg7 22.Nxe4
Bxe4 23.Bxe8 Rxe8 24.Rae1 Qc6 25.Rf4 Bd5 26.c4 Bf7 27.Ref1 Be6 28.Qg5 Kg8
29.h4 {#r} 1-0

[Event "It (open)"]
[Site "masterchessopen.com – Le Touquet (France)"]
[Date "2006.11.01"]
[Round "7"]
[White "Pytel Krzysztof (FRA)"]
[Black "Platel Alexandre (FRA)"]
[Result "1-0"]
[WhiteElo "2385"]
[BlackElo "2161"]

1.d4 Nf6 2.Nf3 g6 3.c4 Bg7 4.Nc3 d5 5.cxd5 Nxd5 6.Bd2 Nxc3 7.Bxc3 Qd5 8.e3 O-O
9.Be2 Nd7 10.O-O Nf6 11.Bb4 Qd8 12.Rc1 Bf5 13.Qb3 Ne4 14.Rfd1 Bf6 15.Ba5 b6
16.Be1 Qc8 17.Qa4 c5 18.b4 Bd7 19.Qc2 Bf5 20.Bd3 Qb7 21.bxc5 bxc5 22.dxc5 Qd5
23.c6 Rab8 24.c7 Rb2 25.Qc6 Qxc6 26.Rxc6 Bd7 27.Bxe4 Bxc6 28.Rd8 {#r} 1-0

[Event "Ch Civil Service (open)"]
[Site "masterchessopen.com – London (England)"]
[Date "2006.11.12"]
[Round "4"]
[White "Cullen Anthony P (ENG)"]
[Black "Sen Subin (ENG)"]
[Result "0-1"]
[WhiteElo "2176"]
[BlackElo "2040"]

1.d4 Nf6 2.Nf3 g6 3.c4 Bg7 4.Nc3 d5 5.cxd5 Nxd5 6.Bd2 O-O 7.e4 Nb6 8.Be3 Bg4
9.Qd2 Bxf3 10.gxf3 Nc6 11.Rd1 e5 12.d5 Nd4 13.Bxd4 exd4 14.Nb5 Re8 15.Be2 f5
16.Nxd4 fxe4 17.Ne6 Qh4 18.f4 c6 19.O-O Nxd5 20.Bc4 Qg4+ {#R} 0-1

[Event "It (open)"]
[Site "masterchessopen.com – Lugano (Switzerland)"]
[Date "2006.11.18"]
[Round "2"]
[White "Cucchiani Claudio (SUI)"]
[Black "Profumo Alberto (ITA)"]
[Result "0-1"]
[WhiteElo "2060"]
[BlackElo "2251"]

1.d4 Nf6 2.c4 g6 3.Nf3 Bg7 4.Nc3 d5 5.cxd5 Nxd5 6.Bd2 Nb6 7.Bf4 O-O 8.e3 Bg4
9.h3 Bxf3 10.Qxf3 c6 11.Be2 N8d7 12.Rd1 e5 13.dxe5 Qe7 14.O-O Nxe5 15.Qg3 h6
16.h4 Rad8 17.Rfe1 Rfe8 18.e4 Nec4 19.b3 Qb4 20.Rxd8 Rxd8 21.Bxc4 Nxc4 22.e5
Nb2 23.Re3 Nd3 24.Ne4 Qd4 25.e6 Nxf4 26.exf7+ Kf8 27.Qxf4 Qa1+ 28.Kh2 Be5 {#R}
0-1

[Event "Ch City (1/2 final)"]
[Site "masterchessopen.com – Samara (Russia)"]
[Date "2007.02.12"]
[Round "4"]
[White "Yuriev Alexander (RUS)"]
[Black "Galkin Roman (RUS)"]
[Result "1-0"]
[WhiteElo "1949"]
[BlackElo "1966"]

1.d4 Nf6 2.c4 g6 3.Nc3 d5 4.Nf3 Bg7 5.cxd5 Nxd5 6.g3 O-O 7.Bg2 Na6 8.O-O c5
9.e4 Nxc3 10.bxc3 Qa5 11.Bd2 Rd8 12.h3 Qa3 13.e5 Be6 14.Qc1 Qa4 15.Be3 Rac8
16.Qb2 b6 17.Rac1 cxd4 18.cxd4 Nb4 19.Rxc8 Rxc8 20.a3 Nc2 21.Rc1 b5 22.Nd2
Nxa3 23.Rxc8+ Bxc8 24.Qc3 Nc4 25.Nxc4 Qxc4 26.Qa5 h5 27.Qd8+ Kh7 28.Bd5 Qc2
29.Bxf7 Qb1+ 30.Kh2 g5 {#r} 1-0

[Event "It (open)"]
[Site "masterchessopen.com – Bizovac (Croatia)"]
[Date "2007.02.24"]
[Round "6"]
[White "Havas Ladislav (CRO)"]
[Black "Groszpeter Attila (HUN)"]
[Result "0-1"]
[WhiteElo "2293"]
[BlackElo "2540"]

1.d4 Nf6 2.c4 g6 3.Nc3 d5 4.Nf3 Bg7 5.cxd5 Nxd5 6.Bg5 Nxc3 7.bxc3 c5 8.Qd2 O-O
9.e3 Nd7 10.Be2 Nf6 11.Bd3 b6 12.O-O Bb7 13.Qe2 Ne4 14.Bxe4 Bxe4 15.Rfd1 Qc7
16.Bf4 Qb7 17.Ne1 cxd4 18.cxd4 Rfc8 19.Rac1 Bd5 20.Rb1 Qc6 21.Rb2 Qa4 22.Qd2
Rc4 23.Nd3 Rac8 24.Rc1 Rxc1+ 25.Nxc1 Qc6 26.Nd3 Bxg2 27.Nb4 Qf3 {#R} 0-1

[Event "Ch Scotland"]
[Site "masterchessopen.com – Cumbernauld (Scotland)"]
[Date "2007.07.15"]
[Round "9"]
[White "Hilton Stephen (SCO)"]
[Black "Marks Ian A (SCO)"]
[Result "1-0"]
[WhiteElo "1967"]
[BlackElo "1901"]

1.d4 Nf6 2.c4 g6 3.Nc3 d5 4.Nf3 Bg7 5.cxd5 Nxd5 6.Qb3 Nxc3 7.bxc3 O-O 8.Bg5 c5
9.e3 cxd4 10.exd4 Nc6 11.Be2 Qc7 12.O-O e5 13.d5 Na5 14.Qb4 h6 15.Be7 Re8
16.d6 Qb6 17.Qa4 Nc6 18.Bb5 Bg4 19.Bxc6 {#r} 1-0

[Event "It (open)"]
[Site "masterchessopen.com – Bergen (Norway)"]
[Date "2007.08.05"]
[Round "1"]
[White "Bue Gunnar (NOR)"]
[Black "Martinsen Stig K (NOR)"]
[Result "0-1"]
[WhiteElo "1829"]
[BlackElo "2128"]

1.d4 Nf6 2.c4 g6 3.Nc3 d5 4.Nf3 Bg7 5.cxd5 Nxd5 6.Bd2 O-O 7.e3 b6 8.Bc4 Bb7
9.Rc1 e6 10.O-O Nd7 11.Qe2 a6 12.a3 c5 13.dxc5 Nxc5 14.Rfd1 Nf6 15.Be1 Qe7
16.b4 Ncd7 17.e4 Rfc8 18.Bb3 b5 19.e5 Ng4 20.Ne4 Rxc1 21.Rxc1 Ndxe5 22.Nxe5
Nxe5 23.Nc5 Rc8 24.Bc3 Nf3+ 25.Kh1 Qg5 26.Rc2 Nd4 27.Ne4 Nxe2 {#R} 0-1

[Event "It (open) (w)"]
[Site "masterchessopen.com – Moscow (Russia)"]
[Date "2008.02.08"]
[Round "7"]
[White "Gunina Valentina (RUS)"]
[Black "Harika Dronavalli (IND)"]
[Result "0-1"]
[WhiteElo "2381"]
[BlackElo "2462"]

1.d4 Nf6 2.c4 g6 3.Nc3 d5 4.Nf3 Bg7 5.cxd5 Nxd5 6.Bd2 Nb6 7.Bg5 O-O 8.e3 h6
9.Bh4 Nc6 10.Be2 a5 11.O-O a4 12.Bb5 a3 13.b3 Nb4 14.Qc1 Bf5 15.e4 Bg4 16.Ne5
Qxd4 17.Nxg4 Qxc3 18.Bxe7 Qxc1 19.Rfxc1 Bxa1 20.Rxa1 Nc2 21.Rd1 h5 22.Nf6+ Kg7
23.e5 {#R} 0-1

[Event "Tournament (Elo)"]
[Site "masterchessopen.com – Gausdal (Norway)"]
[Date "2008.04.12"]
[Round "5"]
[White "Bue Gunnar (NOR)"]
[Black "Jansen Andreas (GER)"]
[Result "1-0"]
[WhiteElo "1865"]
[BlackElo "2231"]

1.d4 Nf6 2.c4 g6 3.Nc3 d5 4.Nf3 Bg7 5.cxd5 Nxd5 6.Bd2 c5 7.dxc5 Nxc3 8.Bxc3
Bxc3+ 9.bxc3 Qc7 10.e3 O-O 11.Be2 Qxc5 12.O-O Bf5 13.Nd4 Rd8 14.Qb3 Be4 15.f3
Bd5 16.c4 Bc6 17.Rad1 Nd7 18.f4 e5 19.Nxc6 Qxc6 20.f5 Nc5 21.Qc2 Qe4 22.Qxe4
Nxe4 23.fxg6 fxg6 24.Bf3 Nc5 25.Bd5+ Kh8 26.Rf7 Rab8 27.Rdf1 a6 28.Rc7 b6
29.Rff7 {#r} 1-0

[Event "It (open)"]
[Site "masterchessopen.com – Triesen (Liechtenstein)"]
[Date "2008.04.27"]
[Round "3"]
[White "Bronznik Valerij (UKR)"]
[Black "Matt Fabian (AUT)"]
[Result "0-1"]
[WhiteElo "2340"]
[BlackElo "1938"]

1.d4 Nf6 2.Nf3 g6 3.c4 Bg7 4.Nc3 d5 5.cxd5 Nxd5 6.Na4 Nb4 7.e3 Bf5 8.g4 Be4
9.Nc3 Bxf3 10.Qxf3 Nc2+ 11.Kd1 Nxa1 12.Qxb7 Nd7 13.Qe4 O-O 14.Qb1 c5 15.d5 Nb6
16.e4 Bxc3 17.bxc3 Nxd5 18.Qxa1 Nxc3+ 19.Kc2 Qd1+ {#R} 0-1

[Event "Tournament (open)"]
[Site "masterchessopen.com – Kaunas (Lithuania)"]
[Date "2008.07.25"]
[Round "2"]
[White "Malisauskas Vidmantas (LTU)"]
[Black "Laurusas Tomas (LTU)"]
[Result "1-0"]
[WhiteElo "2479"]
[BlackElo "2078"]

1.Nf3 Nf6 2.c4 g6 3.Nc3 d5 4.d4 Bg7 5.cxd5 Nxd5 6.Bd2 Nc6 7.e4 Nb6 8.d5 Ne5
9.Nxe5 Bxe5 10.Bh6 e6 11.Qd2 exd5 12.exd5 Bg4 13.Bb5+ Bd7 14.Qe3 Qe7 15.Bxd7+
Nxd7 16.O-O Bxc3 17.Qxc3 O-O-O 18.Rac1 Nb6 19.Bg5 f6 20.Bxf6 Nxd5 21.Bxe7 Nxc3
22.Rxc3 {#r} 1-0

[Event "It (open)"]
[Site "masterchessopen.com – Herzeliya (Israel)"]
[Date "2008.09.02"]
[Round "1"]
[White "Kinberg Ofer (ISR)"]
[Black "Livshits Gaby (ISR)"]
[Result "0-1"]
[WhiteElo "2134"]
[BlackElo "2427"]

1.d4 Nf6 2.c4 g6 3.Nc3 d5 4.Nf3 Bg7 5.cxd5 Nxd5 6.g3 c5 7.Bg2 Nc6 8.e3 Nxc3
9.bxc3 e5 10.O-O exd4 11.exd4 cxd4 12.Re1+ Be6 13.Nxd4 Nxd4 14.Qa4+ b5 15.Qa6
Ne2+ 16.Rxe2 Qd1+ 17.Bf1 O-O 18.Bb2 Qd7 19.c4 Bxc4 20.Bxg7 Kxg7 21.Rb2 Qd4
22.Rab1 Rac8 23.Rc2 Qe4 24.Rbc1 Bxf1 {#R} 0-1

[Event "It (open)"]
[Site "masterchessopen.com – Rowy (Poland)"]
[Date "2008.09.02"]
[Round "2"]
[White "Pipala Janusz (POL)"]
[Black "Niecko Stanislaw (POL)"]
[Result "1-0"]
[WhiteElo "2086"]
[BlackElo "1871"]

1.d4 Nf6 2.Nf3 g6 3.c4 Bg7 4.Nc3 d5 5.cxd5 Nxd5 6.Bd2 O-O 7.e4 Nxc3 8.Bxc3 c5
9.d5 Bxc3+ 10.bxc3 Qa5 11.Qd2 Rd8 12.Rc1 Kg7 13.h4 h6 14.h5 g5 15.Nxg5 hxg5
16.Qxg5+ Kh8 17.Qxe7 Rd7 18.Qf6+ Kh7 19.h6 {#r} 1-0

[Event "Ch Slovenia (team) (1 liga)"]
[Site "masterchessopen.com – Celje (Slovenia)"]
[Date "2008.12.20"]
[Round "8"]
[White "Slogar Dubravko (CRO)"]
[Black "Sorcnik Franc (SLO)"]
[Result "1-0"]
[WhiteElo "2356"]
[BlackElo "2213"]

1.d4 Nf6 2.Nf3 g6 3.c4 Bg7 4.Nc3 d5 5.cxd5 Nxd5 6.Bd2 O-O 7.e4 Nxc3 8.Bxc3 c6
9.Be2 Nd7 10.Qc2 Nf6 11.Ne5 Be6 12.O-O Qb6 13.Kh1 Nd7 14.f4 Nxe5 15.dxe5 f5
16.exf6 exf6 17.f5 gxf5 18.exf5 Bd5 19.Bf3 Rad8 20.Bxd5+ Rxd5 21.Rae1 Qc5
22.Qe4 Qd6 23.Qg4 Qd7 24.Re6 Rd8 25.Bxf6 Rd1 26.Ree1 Qf7 27.Bxd8 Rxd8 28.f6
{#r} 1-0

[Event "Ch Paulista"]
[Site "masterchessopen.com – Santos (Brazil)"]
[Date "2008.12.20"]
[Round "3"]
[White "Raimundo Airton Carlos Nunes (BRA)"]
[Black "Jonas Joso Gabriel Da Silva (BRA)"]
[Result "0-1"]
[WhiteElo "2078"]
[BlackElo "1756"]

1.d4 Nf6 2.c4 g6 3.Nc3 d5 4.Nf3 Bg7 5.cxd5 Nxd5 6.e3 c5 7.Qb3 Nxc3 8.bxc3 Nc6
9.Bb5 Be6 10.Bxc6+ bxc6 11.Qa4 Qb6 12.O-O cxd4 13.Rb1 Qc7 14.Nxd4 Bd7 15.Ba3
c5 16.Qc4 Rc8 17.Nb5 Qb6 18.Rfd1 Be6 19.Qa4 Qc6 20.Qxa7 O-O 21.Qxe7 Bf5 22.Rb2
Rfe8 23.Qd6 Qe4 24.Qf4 Red8 25.Rc1 Qd3 26.Qf3 Rb8 27.Nc7 Rxb2 28.Bxb2 Be4 {#R}
0-1